[Event "4.Nord-West-Cup"]
[Site "?"]
[Date "2002.??.??"]
[Round "7"]
[White "Perman, Torvald"]
[Black "Juergens, Bernhard"]
[Result "1/2-1/2"]
[WhiteElo "2099"]
[BlackElo "1849"]
[PlyCount "47"]

1. c4 e5 2. Nc3 Nc6 3. g3 g6 4. Bg2 Bg7 5. Rb1 d6 6. d3 Be6 7. b4 Qd7 8. b5 Nd8
9. e3 Ne7 10. Nd5 O-O 11. Ne2 h6 12. O-O g5 13. Nxe7+ Qxe7 14. f4 f5 15. Qc2
exf4 16. exf4 g4 17. Bb2 Rb8 18. Bxg7 Qxg7 19. Rfe1 b6 20. Qc3 Re8 21. Qxg7+
Kxg7 22. Nc3 Kf8 23. Nd5 Bxd5 24. Bxd5 1/2-1/2

[Event "4.Nord-West-Cup"]
[Site "?"]
[Date "2002.??.??"]
[Round "7"]
[White "Mader, Sascha"]
[Black "Schmidt, Oliver"]
[Result "0-1"]
[WhiteElo "1881"]
[BlackElo "2087"]
[PlyCount "52"]

1. e4 e5 2. Bc4 Nf6 3. Nc3 Nc6 4. d3 Na5 5. Bb3 Nxb3 6. axb3 c6 7. f4 d6 8. Nf3
Qc7 9. O-O Be7 10. h3 Bd7 11. g4 h6 12. Ne2 Nh7 13. Ng3 g6 14. Kg2 h5 15. gxh5
gxh5 16. Nxh5 Bxh3+ 17. Kxh3 Nf6 18. Kg2 Nxh5 19. f5 d5 20. Rh1 O-O-O 21. Rxh5
Rxh5 22. Ng5 Rdh8 23. Qg4 Rh2+ 24. Kg3 Qb6 25. f6+ Kb8 26. d4 Qxd4 0-1

[Event "4.Nord-West-Cup"]
[Site "?"]
[Date "2002.??.??"]
[Round "7"]
[White "Eickhoff, Hermann"]
[Black "Wirz, James"]
[Result "1/2-1/2"]
[WhiteElo "2074"]
[BlackElo "1843"]
[PlyCount "30"]

1. e4 e6 2. d4 d5 3. Nd2 Nf6 4. e5 Nfd7 5. Ngf3 c5 6. c3 Nc6 7. Nb3 cxd4 8.
cxd4 f6 9. exf6 Nxf6 10. Bd3 Bd6 11. O-O O-O 12. Bg5 Qe8 13. Re1 Qh5 14. Bh4
Ne4 15. Bg3 Nxg3 1/2-1/2

[Event "4.Nord-West-Cup"]
[Site "?"]
[Date "2002.??.??"]
[Round "7"]
[White "Boehme, Arne"]
[Black "Kuenitz, Klaus"]
[Result "1-0"]
[WhiteElo "1828"]
[BlackElo "2068"]
[PlyCount "93"]

1. e4 e6 2. d4 d5 3. Nc3 dxe4 4. Nxe4 Nd7 5. Nf3 Ngf6 6. Bd3 c5 7. O-O cxd4 8.
Nxd4 Be7 9. Be3 O-O 10. c3 Nxe4 11. Bxe4 Nf6 12. Bf3 e5 13. Nb3 Qc7 14. Qc2 g6
15. Rad1 Bf5 16. Qc1 a5 17. Rfe1 a4 18. Nd2 a3 19. b3 e4 20. Be2 Bd6 21. Nf1
Ng4 22. Bxg4 Bxg4 23. Rd4 f5 24. h3 Bh5 25. Qd2 Be5 26. Rd7 Qc6 27. Qd5+ Qxd5
28. Rxd5 Bxc3 29. Rc1 Rac8 30. Ng3 Bb2 31. Rxc8 Rxc8 32. Nxh5 gxh5 33. Rxf5 Rd8
34. Kh2 Rd1 35. Bh6 Rd8 36. Kg3 b6 37. Kh4 Bg7 38. Rg5 Rd7 39. Rxg7+ Rxg7 40.
Bxg7 Kxg7 41. Kg5 h4 42. Kf4 Kf6 43. Kxe4 Ke6 44. f4 b5 45. f5+ Kf6 46. Kf4 Kf7
47. Kg5 1-0

[Event "4.Nord-West-Cup"]
[Site "?"]
[Date "2002.??.??"]
[Round "7"]
[White "Jenisch, Achim"]
[Black "Koehne, Arno"]
[Result "1/2-1/2"]
[WhiteElo "1601"]
[BlackElo "2028"]
[PlyCount "22"]

1. c4 Nf6 2. Nc3 c6 3. g3 d5 4. cxd5 cxd5 5. d4 e6 6. Bg2 Nc6 7. e3 Bb4 8. Nge2
O-O 9. O-O b6 10. a3 Be7 11. b4 Bb7 1/2-1/2

[Event "4.Nord-West-Cup"]
[Site "?"]
[Date "2002.??.??"]
[Round "7"]
[White "Krause, Klaus"]
[Black "Weller, Friedhelm"]
[Result "1-0"]
[WhiteElo "2029"]
[BlackElo "1771"]
[PlyCount "101"]

1. e4 e5 2. Nf3 d6 3. d4 Nd7 4. Bc4 c6 5. O-O Be7 6. c3 b5 7. Bb3 Bb7 8. a4 a6
9. Re1 Ngf6 10. Nbd2 O-O 11. Qe2 Qc7 12. Nf1 a5 13. Ng3 g6 14. Bh6 Rfb8 15. Ng5
d5 16. exd5 Nxd5 17. dxe5 Nc5 18. Bc2 Nf4 19. Qg4 Nce6 20. Nxf7 Kxf7 21. Bxf4
Nxf4 22. Qxf4+ Kg7 23. Rad1 Rd8 24. Nf5+ Kh8 25. Nd6 Rf8 26. Nf7+ Rxf7 27. Qxf7
Rf8 28. Qb3 Bc5 29. Re2 bxa4 30. Qc4 Qb6 31. Qh4 Qc7 32. Bxg6 Qg7 33. Qxh7+
Qxh7 34. Bxh7 Bc8 35. Be4 a3 36. bxa3 Bxa3 37. Ra1 Ba6 38. Rd2 Bc5 39. Rxa5 Bb5
40. Bxc6 Bxc6 41. Rxc5 Ba8 42. e6 Re8 43. f4 Be4 44. f5 Kg7 45. g4 Kf6 46. h4
Ra8 47. g5+ Kg7 48. Rc7+ Kh8 49. f6 Ra1+ 50. Kf2 Ra8 51. e7 1-0

[Event "4.Nord-West-Cup"]
[Site "?"]
[Date "2002.??.??"]
[Round "7"]
[White "Segelken, Peter"]
[Black "Reinhard, Ralf-Peter"]
[Result "1/2-1/2"]
[WhiteElo "1656"]
[BlackElo "1400"]
[PlyCount "54"]

1. d4 Nf6 2. Bg5 Ne4 3. Bf4 d5 4. Nf3 c5 5. e3 Qa5+ 6. c3 Bg4 7. Be2 Bxf3 8.
gxf3 Nf6 9. O-O e6 10. Nd2 cxd4 11. cxd4 Nc6 12. a3 Qd8 13. Rc1 a6 14. b4 Nh5
15. Bg3 Nxg3 16. fxg3 Bd6 17. b5 axb5 18. Bxb5 O-O 19. a4 Na5 20. Qe2 Rc8 21.
Qd3 Rc7 22. e4 Qc8 23. Rxc7 Qxc7 24. exd5 exd5 25. Nb3 Nxb3 26. Qxb3 Bxg3 27.
hxg3 Qxg3+ 1/2-1/2

[Event "4.Nord-West-Cup"]
[Site "?"]
[Date "2002.??.??"]
[Round "7"]
[White "Hank, Holger"]
[Black "Hurrle, Juergen"]
[Result "1-0"]
[WhiteElo "2054"]
[BlackElo "1797"]
[PlyCount "74"]

1. c4 e5 2. g3 d6 3. Bg2 c6 4. Nc3 Be7 5. d4 Nd7 6. d5 c5 7. e4 Ngf6 8. Nf3 O-O
9. O-O Re8 10. Ne1 Bf8 11. Nd3 a6 12. a4 g6 13. f4 Nh5 14. f5 Rb8 15. Qf3 f6
16. g4 Ng7 17. h4 Be7 18. Kf2 Kf7 19. h5 Rg8 20. fxg6+ hxg6 21. hxg6+ Kxg6 22.
Rh1 Kf7 23. g5 Ke8 24. g6 Nf8 25. Rh6 Kd7 26. Bd2 Kc7 27. b4 b6 28. a5 Rb7 29.
b5 Kb8 30. Na4 bxa5 31. Nc3 axb5 32. Nxb5 Bd7 33. Nxc5 Bxb5 34. Nxb7 Qb6+ 35.
Be3 Qxb7 36. Rb1 Kc8 37. Rxb5 Qa6 1-0

[Event "4.Nord-West-Cup"]
[Site "?"]
[Date "2002.??.??"]
[Round "7"]
[White "Schneider, Florian"]
[Black "Schwarze, Hugo"]
[Result "0-1"]
[WhiteElo "1748"]
[BlackElo "1946"]
[PlyCount "62"]

1. e4 c5 2. d4 cxd4 3. c3 d3 4. Bxd3 Nc6 5. Nf3 g6 6. Be3 Bg7 7. O-O Nf6 8. h3
d5 9. exd5 Nxd5 10. Qe2 Nxe3 11. Qxe3 O-O 12. Na3 a6 13. Rad1 Qc7 14. Rd2 Ne5
15. Nxe5 Bxe5 16. f4 Bd6 17. Qe2 Bxf4 18. Rdd1 e5 19. Bc4 b5 20. Bd5 Rb8 21.
Nc2 Be6 22. Bxe6 Qb6+ 23. Kh1 Qxe6 24. a3 Rfd8 25. Nb4 Bh6 26. Rde1 f6 27. Qf2
f5 28. Qa7 Ra8 29. Qc7 e4 30. Rd1 Bg5 31. Qb7 e3 0-1

[Event "4.Nord-West-Cup"]
[Site "?"]
[Date "2002.??.??"]
[Round "7"]
[White "Woeltge, Carsten"]
[Black "Zell, Stefan"]
[Result "1/2-1/2"]
[WhiteElo "1899"]
[BlackElo "1678"]
[PlyCount "61"]

1. d4 Nf6 2. c4 e6 3. Nc3 Bb4 4. Bg5 h6 5. Bh4 c5 6. d5 d6 7. e3 O-O 8. Bd3
Nbd7 9. dxe6 fxe6 10. Nge2 Ne5 11. O-O d5 12. cxd5 exd5 13. Bc2 Bxc3 14. Nxc3
d4 15. exd4 Qxd4 16. Qxd4 cxd4 17. Nb5 d3 18. Bb3+ Kh7 19. Rfe1 Ng6 20. Bg3 Bf5
21. Nd6 Nh5 22. Nxb7 Nxg3 23. hxg3 Rab8 24. Na5 Rfd8 25. Rad1 Rbc8 26. Nc4 d2
27. Re2 Bc2 28. Rdxd2 Bxb3 29. axb3 Rxd2 30. Nxd2 Rc1+ 31. Kh2 1/2-1/2

[Event "4.Nord-West-Cup"]
[Site "?"]
[Date "2002.??.??"]
[Round "7"]
[White "Wetjen, Siegfried"]
[Black "Nolte, Wilhelm"]
[Result "1-0"]
[WhiteElo "1894"]
[BlackElo "1692"]
[PlyCount "81"]

1. g3 d5 2. d3 e5 3. Bg2 Nf6 4. Nd2 Be7 5. e4 c6 6. Ne2 O-O 7. O-O Be6 8. c3
Qc8 9. f4 exf4 10. gxf4 Bh3 11. f5 Bxg2 12. Kxg2 Nbd7 13. Ng3 Qc7 14. Nf3 dxe4
15. dxe4 Bd6 16. Qe2 Rfe8 17. Nd2 Re7 18. Nh5 Rae8 19. Nxf6+ Nxf6 20. Re1 Bxh2
21. Qf3 Bf4 22. Nc4 Bxc1 23. e5 Bg5 24. Qg3 h6 25. Nd6 Nh5 26. Qf3 Nf4+ 27. Kf1
Rd8 28. Re4 Qa5 29. a4 Rxe5 30. Nc4 Qa6 31. Rxe5 Qxc4+ 32. Kg1 Rd3 33. Qe4 Qb3
34. Re1 Qb6+ 35. Kf1 Qxb2 36. Re8+ Kh7 37. f6+ g6 38. Rh8+ Kxh8 39. Qe8+ Kh7
40. Qxf7+ Kh8 41. Re8# 1-0

[Event "4.Nord-West-Cup"]
[Site "?"]
[Date "2002.??.??"]
[Round "7"]
[White "Kerski, Bjoern-Ole"]
[Black "Korsus, Stephanie"]
[Result "1-0"]
[WhiteElo "1885"]
[BlackElo "1660"]
[PlyCount "85"]

1. e4 c5 2. Nc3 g6 3. g3 Bg7 4. Bg2 e6 5. Nge2 Ne7 6. d3 O-O 7. O-O d5 8. f4
Nbc6 9. h3 b6 10. e5 Bb7 11. Bd2 a6 12. a4 Rb8 13. Be1 Nf5 14. Bf2 d4 15. Ne4
Nb4 16. g4 Ne7 17. Qd2 Kh8 18. N2g3 f6 19. exf6 Bxf6 20. Nxf6 Rxf6 21. Bxb7
Rxb7 22. Ne4 Rf8 23. Kh2 Ned5 24. Bg3 Ne3 25. Rfc1 Rbf7 26. Ng5 Rf6 27. Ne4
R6f7 28. Ng5 Rf6 29. Ne4 Rxf4 30. Bxf4 Rxf4 31. c3 Qc7 32. Ng3 Rf3 33. Rg1 Nxd3
34. Rg2 Nf4 35. Rf2 Rxg3 36. Kxg3 Ne2+ 37. Kf3 Ng3 38. cxd4 Ngf5 39. gxf5 gxf5
40. Qxe3 Qc6+ 41. Kg3 Qc7+ 42. Qf4 Qg7+ 43. Kh2 1-0

[Event "4.Nord-West-Cup"]
[Site "?"]
[Date "2002.??.??"]
[Round "7"]
[White "Boos, Hanspeter"]
[Black "Spittel, Olaf"]
[Result "1-0"]
[WhiteElo "1585"]
[BlackElo "1830"]
[PlyCount "55"]

1. e4 d6 2. d4 Nf6 3. Nc3 g6 4. f3 Bg7 5. Be3 O-O 6. Qd2 c6 7. h4 h5 8. Be2 b5
9. Nh3 Qa5 10. Rg1 Bxh3 11. gxh3 b4 12. Nd1 Nbd7 13. Bh6 e5 14. Bxg7 Kxg7 15.
Ne3 Kh7 16. Nc4 Qc7 17. dxe5 dxe5 18. O-O-O a5 19. Qg5 a4 20. Nd6 Rg8 21. Nxf7
Kg7 22. Bc4 Kf8 23. Qh6+ Ke7 24. Rxg6 Rxg6 25. Qxg6 Nb6 26. Nxe5 Nfd7 27. Qf7+
Kd8 28. Qf8# 1-0

[Event "4.Nord-West-Cup"]
[Site "?"]
[Date "2002.??.??"]
[Round "7"]
[White "Reininga, Jannes"]
[Black "Gorman, Stephen"]
[Result "0-1"]
[WhiteElo "1562"]
[BlackElo "1829"]
[PlyCount "80"]

1. d4 e6 2. c4 Nf6 3. Nc3 Bb4 4. Bg5 c5 5. Qd3 h6 6. Be3 cxd4 7. Bxd4 Nc6 8. a3
Be7 9. Nf3 a6 10. e4 Nxd4 11. Qxd4 Qa5 12. Be2 Bc5 13. Qd2 d6 14. O-O Qc7 15.
Rad1 Ke7 16. b4 Ba7 17. Nd4 Rd8 18. Kh1 e5 19. Nf5+ Bxf5 20. exf5 Rac8 21. Nd5+
Nxd5 22. Qxd5 Qc6 23. g3 Qxd5+ 24. Rxd5 Bd4 25. f3 Rc6 26. Rb1 Rdc8 27. Rb3 b5
28. c5 dxc5 29. bxc5 Rxc5 30. Rxc5 Rxc5 31. Kg2 Rc2 32. Kf1 Rc1+ 33. Kg2 Ra1
34. Kh3 Ra2 35. Bd3 Kd6 36. Bb1 Rd2 37. Be4 Bg1 38. Bb7 h5 39. g4 Rxh2+ 40. Kg3
h4# 0-1

[Event "4.Nord-West-Cup"]
[Site "?"]
[Date "2002.??.??"]
[Round "7"]
[White "Kohlmann, Christian"]
[Black "Hedke, Manfred"]
[Result "1-0"]
[WhiteElo "1386"]
[BlackElo "1800"]
[PlyCount "73"]

1. d4 Nf6 2. c4 e6 3. Nc3 Bb4 4. Bg5 h6 5. Bd2 O-O 6. Nf3 d5 7. c5 Nc6 8. a3
Bxc3 9. Bxc3 Ne4 10. e3 Bd7 11. Bd3 f5 12. Ne5 Nxe5 13. dxe5 Qh4 14. O-O Nxc3
15. bxc3 Bc6 16. Qe2 a6 17. c4 f4 18. exf4 Qxf4 19. cxd5 Bxd5 20. Rab1 a5 21.
g3 Qd4 22. Qe3 Qxe3 23. fxe3 Rxf1+ 24. Rxf1 Rf8 25. Bh7+ Kxh7 26. Rxf8 a4 27.
Rf7 Kg6 28. Rf8 Kg5 29. h4+ Kg4 30. Kf2 g5 31. Rf6 gxh4 32. gxh4 Kh5 33. Kg3 b6
34. Rf7 bxc5 35. Rxc7 c4 36. e4 Bxe4 37. Rxc4 1-0

[Event "4.Nord-West-Cup"]
[Site "?"]
[Date "2002.??.??"]
[Round "7"]
[White "van der Veen, Anne"]
[Black "Muders, Martin"]
[Result "0-1"]
[WhiteElo "1600"]
[BlackElo "1820"]
[PlyCount "74"]

1. e4 g6 2. d4 Bg7 3. c4 d6 4. Nc3 Nf6 5. Nf3 O-O 6. Be2 Nc6 7. O-O e5 8. d5
Ne7 9. b4 Ne8 10. c5 h6 11. Nd2 f5 12. f3 Nf6 13. Nc4 g5 14. Qc2 Ne8 15. Rb1
Ng6 16. Re1 Rf7 17. Rb3 f4 18. Nb5 Bf8 19. Na5 dxc5 20. bxc5 c6 21. Nxb7 Bxb7
22. dxc6 Bxc6 23. Bc4 Nh8 24. Rd1 Qf6 25. Nd6 Ba4 26. Nxf7 Nxf7 27. c6 Qxc6 28.
Qd3 Kg7 29. Bd5 Qc5+ 30. Kf1 Rc8 31. Ba3 Qc2 32. Qxc2 Rxc2 33. Bxf8+ Kxf8 34.
Rb4 Bc6 35. Bb3 Rc3 36. Rb8 Ke7 37. Rc8 Bb5+ 0-1

[Event "4.Nord-West-Cup"]
[Site "?"]
[Date "2002.??.??"]
[Round "7"]
[White "Stindt, Rolf"]
[Black "Merettig, Georg"]
[Result "0-1"]
[WhiteElo "1557"]
[BlackElo "1779"]
[PlyCount "68"]

1. d4 Nf6 2. Nf3 b6 3. Bf4 Bb7 4. e3 Nh5 5. Bg5 g6 6. Be2 Bg7 7. Nbd2 Nf6 8. c4
h6 9. Bh4 d5 10. O-O g5 11. Bg3 Ne4 12. Nxe4 dxe4 13. Ne5 O-O 14. Qc2 f5 15. c5
c6 16. Qc4+ Kh7 17. Bh5 Bxe5 18. Bxe5 Nd7 19. Qe6 Nxe5 20. dxe5 Rg8 21. Qxf5+
Kh8 22. Rad1 Qf8 23. Qxf8 Raxf8 24. cxb6 axb6 25. Rd7 Ba6 26. Rc1 c5 27. Rxe7
Rd8 28. Re6 Rd2 29. Rxb6 Rf8 30. Rxc5 Rdxf2 31. Rf6 R8xf6 32. Rc8+ Bxc8 33.
exf6 Rxf6 34. h3 Rd6 0-1

[Event "4.Nord-West-Cup"]
[Site "?"]
[Date "2002.??.??"]
[Round "7"]
[White "Campe, Uwe"]
[Black "Ungar, Benedict"]
[Result "1-0"]
[WhiteElo "1766"]
[BlackElo "1576"]
[PlyCount "119"]

1. d4 Nc6 2. Nf3 d5 3. c4 Bg4 4. e3 e6 5. Nc3 Nf6 6. cxd5 exd5 7. Be2 a6 8. O-O
Bd6 9. a3 O-O 10. b4 Ne7 11. Bb2 Nc8 12. Na4 b6 13. Rc1 h6 14. Ne5 Bxe2 15.
Qxe2 Qe8 16. Qc2 b5 17. Nc5 Nb6 18. Rfe1 Nc4 19. Ncd3 Nh7 20. Nf3 f6 21. Nc5 c6
22. e4 Ng5 23. Nxg5 hxg5 24. exd5 Qh5 25. g3 cxd5 26. Re6 Kf7 27. Qe2 Qxe2 28.
Rxe2 Rfe8 29. Rcc2 a5 30. Rxe8 Kxe8 31. Re2+ Kf7 32. Kf1 axb4 33. axb4 Nxb2 34.
Rxb2 Ra1+ 35. Ke2 Rh1 36. Ra2 Rb1 37. Ra7+ Be7 38. Nd3 Ke8 39. Ra8+ Kf7 40. Ra5
Rh1 41. Rxb5 Rxh2 42. Rxd5 Ke6 43. Ra5 Rh1 44. Kd2 Rf1 45. Kc3 Rb1 46. Kc4 f5
47. Ra6+ Kd7 48. b5 f4 49. gxf4 gxf4 50. Nc5+ Bxc5 51. dxc5 Rc1+ 52. Kd5 Rd1+
53. Ke5 g5 54. Rd6+ Rxd6 55. cxd6 g4 56. Kxf4 Kxd6 57. Kxg4 Kc5 58. Kf5 Kxb5
59. Ke6 Kc5 60. f4 1-0

[Event "4.Nord-West-Cup"]
[Site "?"]
[Date "2002.??.??"]
[Round "7"]
[White "Haase, Sven"]
[Black "Frerichs, Manfred"]
[Result "0-1"]
[WhiteElo "1760"]
[BlackElo "1457"]
[PlyCount "104"]

1. e4 c5 2. Nc3 Nc6 3. g3 g6 4. Bg2 Bg7 5. f4 d6 6. Nf3 Bg4 7. h3 Bxf3 8. Bxf3
e6 9. O-O Nf6 10. d3 O-O 11. Be3 b6 12. e5 d5 13. exf6 Bxf6 14. Rb1 Rc8 15. Ne2
Ne7 16. g4 d4 17. Bd2 e5 18. Ng3 exf4 19. Bxf4 Bh4 20. Kh2 g5 21. Bd2 Qd6 22.
Rg1 f5 23. Rg2 fxg4 24. hxg4 Rf6 25. Qe2 Rh6 26. Kg1 Bxg3 27. Bxg5 Re6 28. Be4
Be5 29. Re1 Ng6 30. Kh1 Ree8 31. Rf1 Nf4 32. Bxf4 Bxf4 33. Qf3 Qh6+ 34. Kg1
Be3+ 35. Rgf2 Bxf2+ 36. Rxf2 Rf8 37. Bf5 Rce8 38. Qd5+ Kh8 39. Qb7 Re1+ 40. Rf1
Qe3+ 41. Kh2 Re2+ 42. Qg2 Rxg2+ 43. Kxg2 Qg5 44. Kf3 Re8 45. Be4 Qe3+ 46. Kg2
Kg7 47. a4 Rf8 48. Bf5 h5 49. Rf3 Qg5 50. Rg3 h4 51. Rf3 Rxf5 52. Rxf5 Qxg4+
0-1

[Event "4.Nord-West-Cup"]
[Site "?"]
[Date "2002.??.??"]
[Round "7"]
[White "Teixeira, Jose"]
[Black "Arora, Manuel"]
[Result "1-0"]
[WhiteElo "1751"]
[BlackElo "1428"]
[PlyCount "69"]

1. e4 c5 2. Nc3 e6 3. d3 d5 4. g3 Nc6 5. Bg2 Nf6 6. f4 Be7 7. e5 Nd7 8. Nf3 a6
9. O-O O-O 10. a3 b5 11. Kh1 Qb6 12. Bd2 Bb7 13. Qe1 Rfd8 14. f5 Bf8 15. fxe6
fxe6 16. Ng5 Re8 17. Bf4 Nd4 18. Qf2 Qd8 19. Nf7 Qc7 20. Nd6 Bxd6 21. exd6 Qd8
22. Qd2 Nc6 23. Rae1 Nf6 24. Bg5 Rf8 25. Rxe6 Bc8 26. Bxf6 gxf6 27. Ree1 Qxd6
28. Nxd5 Bh3 29. Nxf6+ Rxf6 30. Bxh3 Raf8 31. Qg5+ Kh8 32. Rxf6 Rxf6 33. Bg2
Re6 34. Rf1 Nd4 35. Bd5 1-0

[Event "4.Nord-West-Cup"]
[Site "?"]
[Date "2002.??.??"]
[Round "7"]
[White "Carstens, Manfred"]
[Black "Otte, Klaus"]
[Result "0-1"]
[WhiteElo "1689"]
[BlackElo "1345"]
[PlyCount "54"]

1. Nf3 Nf6 2. b3 d5 3. Bb2 Nbd7 4. e3 e6 5. d3 Bd6 6. Nbd2 O-O 7. g4 Nxg4 8.
Rg1 Nge5 9. Qe2 Qe7 10. Nd4 Ng6 11. N2f3 a6 12. h4 c5 13. h5 Nge5 14. Nxe5 Bxe5
15. f4 Bf6 16. Qg4 cxd4 17. exd4 Nb6 18. O-O-O h6 19. Bh3 e5 20. Qg3 exf4 21.
Qxf4 Bg5 22. Rxg5 Qxg5 23. Qxg5 hxg5 24. Bg2 Be6 25. c4 Rac8 26. Kd2 f5 27. Re1
Kf7 0-1

[Event "4.Nord-West-Cup"]
[Site "?"]
[Date "2002.??.??"]
[Round "7"]
[White "Keck, Martin"]
[Black "Roehl, Bernd"]
[Result "1-0"]
[WhiteElo "1555"]
[BlackElo "1755"]
[PlyCount "73"]

1. e4 c6 2. d4 d5 3. e5 Bf5 4. Bd3 Bxd3 5. Qxd3 e6 6. f4 Qa5+ 7. Bd2 Qa6 8.
Qxa6 Nxa6 9. c3 c5 10. Nf3 Nh6 11. Nh4 Be7 12. Nf3 Rc8 13. dxc5 Nxc5 14. Ke2 a6
15. Be3 Na4 16. b3 Nxc3+ 17. Nxc3 Rxc3 18. Rhc1 Rxc1 19. Rxc1 Kd7 20. h3 Rc8
21. Rxc8 Kxc8 22. g4 Kd7 23. Kd3 Ng8 24. g5 Kc7 25. h4 b6 26. a4 Bc5 27. Bxc5
bxc5 28. Kc3 a5 29. h5 g6 30. h6 Kc6 31. Nh2 Kd7 32. Ng4 Kc6 33. Kd3 c4+ 34.
bxc4 Kc5 35. cxd5 exd5 36. Nf6 Nxf6 37. gxf6 1-0

[Event "4.Nord-West-Cup"]
[Site "?"]
[Date "2002.??.??"]
[Round "7"]
[White "Wichelmann, Martin"]
[Black "Hoffmann, Ulrich"]
[Result "1/2-1/2"]
[WhiteElo "1975"]
[BlackElo "2109"]
[PlyCount "22"]

1. e4 c5 2. c3 g6 3. d4 cxd4 4. cxd4 d5 5. exd5 Nf6 6. Bb5+ Nbd7 7. Nc3 Bg7 8.
Nf3 O-O 9. O-O Nb6 10. Bg5 a6 11. Be2 Nfxd5 1/2-1/2

[Event "4.Nord-West-Cup"]
[Site "?"]
[Date "2002.??.??"]
[Round "7"]
[White "Thomas, Jeffrey"]
[Black "Eden, Wilke"]
[Result "0-1"]
[WhiteElo "1100"]
[BlackElo "1673"]
[PlyCount "98"]

1. e4 e5 2. Nf3 Nc6 3. Bc4 Nf6 4. d3 Na5 5. Bb3 Nxb3 6. axb3 d6 7. Bg5 h6 8.
Bh4 Be7 9. h3 Be6 10. c4 O-O 11. O-O c6 12. Nc3 Nh7 13. Bg3 f5 14. exf5 Bxf5
15. Re1 Ng5 16. Nxg5 Bxg5 17. d4 Bf4 18. dxe5 dxe5 19. Qxd8 Rfxd8 20. Bxf4 exf4
21. Re7 Rd7 22. Rxd7 Bxd7 23. Ne2 f3 24. gxf3 Bxh3 25. Kh2 Bf5 26. Nd4 Bg6 27.
f4 a6 28. Kg3 Rd8 29. Nf3 Rd3 30. b4 Bh5 31. Ra3 Rxa3 32. bxa3 Bxf3 33. Kxf3
Kf7 34. Kg4 b6 35. a4 Ke6 36. f5+ Ke5 37. f4+ Kf6 38. b5 axb5 39. cxb5 cxb5 40.
axb5 h5+ 41. Kh4 Kxf5 42. Kxh5 Kxf4 43. Kg6 Ke5 44. Kxg7 Kd5 45. Kf6 Kc5 46.
Ke5 Kxb5 47. Kd4 Kb4 48. Kd3 Kb3 49. Kd2 Kb2 0-1

[Event "4.Nord-West-Cup"]
[Site "?"]
[Date "2002.??.??"]
[Round "7"]
[White "Pernutz, Hans-Gerhard"]
[Black "Mengler, Marc"]
[Result "1-0"]
[WhiteElo "2191"]
[BlackElo "1768"]
[PlyCount "71"]

1. e4 c5 2. Nf3 d6 3. d4 cxd4 4. Nxd4 Nf6 5. Nc3 g6 6. g3 Bg7 7. Bg2 O-O 8. O-O
Nc6 9. Nde2 Bd7 10. h3 Rc8 11. Kh2 a6 12. a4 Ne5 13. Ra2 Bc6 14. Nd4 Qd7 15. f4
Nc4 16. Nxc6 bxc6 17. Qd3 Nb6 18. Qxa6 Na8 19. Qd3 Rfd8 20. Be3 e6 21. Ne2 d5
22. e5 Ne8 23. Bc5 f6 24. exf6 Bxf6 25. Bd4 Be7 26. Be5 c5 27. g4 Bd6 28. Bxd6
Qxd6 29. Ng3 e5 30. fxe5 Qxe5 31. Qe2 Qd6 32. Ra3 Ng7 33. Kh1 Nb6 34. Rd1 Re8
35. Qb5 Qe6 36. a5 1-0

[Event "4.Nord-West-Cup"]
[Site "?"]
[Date "2002.??.??"]
[Round "7"]
[White "Christophers, Reinhard"]
[Black "Meyer, Eric"]
[Result "0-1"]
[WhiteElo "1603"]
[BlackElo "1483"]
[PlyCount "54"]

1. e4 e5 2. Nf3 Nf6 3. Nc3 Nc6 4. d4 exd4 5. Nxd4 Bc5 6. Nxc6 bxc6 7. Bc4 d6 8.
Qe2 O-O 9. O-O h6 10. Na4 Bb6 11. Nxb6 cxb6 12. a4 Re8 13. f3 d5 14. Rd1 Qc7
15. Bd3 dxe4 16. Bxe4 Nxe4 17. fxe4 Bf5 18. g3 Rxe4 19. Qf2 Bg6 20. Bf4 Qe7 21.
Rd2 Rd8 22. Rxd8+ Qxd8 23. c3 Rxa4 24. Rf1 Re4 25. Qf3 f5 26. Rd1 Qe8 27. Kf2
Bh5 0-1

[Event "4.Nord-West-Cup"]
[Site "?"]
[Date "2002.??.??"]
[Round "7"]
[White "van Hove, Ode"]
[Black "Schippl, Thomas"]
[Result "1/2-1/2"]
[WhiteElo "1485"]
[BlackElo "1595"]
[PlyCount "102"]

1. e4 c5 2. d4 cxd4 3. c3 dxc3 4. Nxc3 e5 5. Bc4 Nf6 6. Nf3 Bb4 7. Bxf7+ Kxf7
8. Qb3+ Ke8 9. Qxb4 Nc6 10. Qc4 h6 11. O-O a6 12. a4 b6 13. h3 Bb7 14. Qe2 d6
15. Rd1 Qc7 16. Bd2 Ne7 17. Rac1 Qd7 18. Be1 g5 19. Nxe5 Qe6 20. Nc4 d5 21.
Nd6+ Qxd6 22. e5 Qe6 23. exf6 Qxe2 24. Nxe2 Nf5 25. Rc7 Rb8 26. Nd4 Nxd4 27.
Rxd4 Rf8 28. Re7+ Kd8 29. Bc3 Rxf6 30. Rh7 Re6 31. Rd3 Bc6 32. Rf3 Rb7 33. Rf8+
Re8 34. Bf6+ Kc8 35. Rxe8+ Bxe8 36. Rxh6 Bxa4 37. Bxg5 Kd7 38. Bf4 a5 39. Rd6+
Ke7 40. Rxd5 b5 41. h4 Ke6 42. Re5+ Kf6 43. g4 Bd1 44. g5+ Kg6 45. Kh2 a4 46.
Kg3 b4 47. f3 a3 48. bxa3 b3 49. Re1 b2 50. Rxd1 b1=Q 51. Rxb1 Rxb1 1/2-1/2

[Event "4.Nord-West-Cup"]
[Site "?"]
[Date "2002.??.??"]
[Round "7"]
[White "Niemann, Heinrich"]
[Black "Toth, Hans-Juergen"]
[Result "1-0"]
[WhiteElo "1590"]
[BlackElo "1427"]
[PlyCount "99"]

1. e4 e6 2. d4 d5 3. exd5 exd5 4. Nf3 Nf6 5. h3 Bd6 6. Bd3 Qe7+ 7. Be3 O-O 8.
O-O a5 9. Nc3 c6 10. Re1 Qc7 11. Bg5 Nbd7 12. Qd2 Nh5 13. Ne2 f6 14. Be3 g6 15.
g4 Ng7 16. Bf4 f5 17. g5 Nh5 18. Bxd6 Qxd6 19. Kg2 Rf7 20. h4 f4 21. c4 Qe6 22.
Neg1 Qd6 23. Re2 Nf8 24. Rae1 Ne6 25. Re5 Bd7 26. c5 Qe7 27. Qe2 Re8 28. Qd2
Qd8 29. Qc2 Kg7 30. a3 Nc7 31. b4 axb4 32. axb4 Rxe5 33. Rxe5 Bg4 34. Qe2 Qd7
35. Qd1 Re7 36. Qe2 Rf7 37. Qd1 Ne6 38. Be2 Kf8 39. Nh2 Bxe2 40. Nxe2 f3+ 41.
Nxf3 Nef4+ 42. Nxf4 Qg4+ 43. Kf1 Nxf4 44. Re3 Qg2+ 45. Ke1 Qh1+ 46. Kd2 Qxd1+
47. Kxd1 Ng2 48. Ra3 Ke8 49. Ke2 Kd7 50. Ne5+ 1-0

[Event "4.Nord-West-Cup"]
[Site "?"]
[Date "2002.??.??"]
[Round "7"]
[White "Strunski, Andreas"]
[Black "Meijer, Johannes"]
[Result "1-0"]
[WhiteElo "1570"]
[BlackElo "1385"]
[PlyCount "35"]

1. e4 c5 2. Nc3 e6 3. g3 g6 4. Bg2 Bg7 5. Nf3 d6 6. O-O Nc6 7. d3 a6 8. Be3 Nd4
9. Bxd4 cxd4 10. Ne2 e5 11. c3 Ne7 12. cxd4 exd4 13. Nexd4 O-O 14. Qd2 f5 15.
Nb3 fxe4 16. dxe4 h5 17. Rad1 d5 18. exd5 1-0

[Event "4.Nord-West-Cup"]
[Site "?"]
[Date "2002.??.??"]
[Round "7"]
[White "Nickel, Nicolai"]
[Black "Kohlmann, Arndt"]
[Result "0-1"]
[WhiteElo "1100"]
[BlackElo "1178"]
[PlyCount "38"]

1. e4 e5 2. Nf3 Nc6 3. Bc4 Nf6 4. d3 h6 5. Nc3 Bc5 6. Be3 Bb6 7. d4 exd4 8.
Bxd4 Nxd4 9. Nxd4 O-O 10. O-O Nxe4 11. Nxe4 d5 12. Nd2 dxc4 13. Nxc4 Qxd4 14.
Qxd4 Bxd4 15. c3 Be6 16. b3 Bxc4 17. bxc4 Bxc3 18. Rab1 b6 19. Rfc1 Bd4 0-1